Region Quiz on a Map - Benelux - Statistics

General Stats
  • This quiz has been taken 6,077 times
  • The average score is 18 of 32
Answers on the Map
Answers color-coded by a green-red scale on the quiz's map according to % correct below.
 
Answer Stats
Answers % Correct
931,298 Amsterdam
99%
670,610 Rotterdam
94%
Capital of an eponymous country Luxembourg
92%
544,759 Antwerp
86%
566,221 The Hague
86%
France
83%
Germany
83%
North Sea
83%
1815: French defeat ending the Napoleonic Wars Battle of Waterloo
82%
French-speaking region of Belgium Wallonia
79%
Least populated region of the Netherlands, which gave its name to a Pacific country Zeeland
75%
Rhine
74%
374,238 Utrecht
70%
Host to an annual 10-day festival, attracting more than a million spectators Ghent
62%
Technology and design hub, home of Philips Eindhoven
60%
Only official bilingual province of the Netherlands Friesland
59%
The Netherlands' youngest city Groningen
55%
City called "The Fervent City" Liège
55%
Brussels: The main character of this comic lives there with his dog Snowy The Adventures of Tintin
55%
Symbol of Brussels constructed for the 1958 World's Fair Atomium
47%
Meuse
47%
Most visited Dutch museum Rijksmuseum
43%
Brussels: This singer filmed his music video for 'Formidable' with hidden cameras in this city Stromae
37%
1915: First mass use of poison gas by Germans in WWI Second Battle of Ypres
33%
Oldest university in the Netherlands Leiden University
32%
IJsselmeer
30%
Bruges: This movie starring Colin Farrell and Brendan Gleeson is set in this city In Bruges
29%
Intertidal zone stretching from the Netherlands to Denmark WaddenSea
27%
Delft: This "Father of Microbiology" invented the microscope there Antoni van Leeuwenhoek
26%
Delft: Vermeer painted this domestic worker there The Milkmaid
17%
Luxembourg: This winner of the 2010 Tour de France was born there Andy Schleck
15%
Largest cave complex in Belgium, carved by the river Lesse Caves of Han-sur-Lesse
13%
No matching quizzes found
Score Distribution
Percent of People with Each Score
Percentile by Number Answered
Your Score History
You have not taken this quiz